|
|
|
|
| LEADER |
01023cam a2200253 7i4500 |
| 001 |
0000057434 |
| 005 |
20210223090000.0 |
| 020 |
|
|
|a 2015958927 (electronic book)
|
| 090 |
0 |
0 |
|a TR590
|b .V35 2016
|
| 100 |
1 |
|
|a Valenzuela, Roberto
|
| 245 |
1 |
0 |
|a Picture perfect lighting :
|b an innovative lighting system for photographing people
|c Roberto Valenzuela.
|
| 250 |
|
|
|a First edition.
|
| 264 |
|
|
|a Santa Barbara, California:
|b Rocky Nook,
|c 2016.
|
| 300 |
|
|
|a 1 online resource (xviii, 340 pages):
|b illustrations (chiefly color), text file, PDF.
|
| 336 |
|
|
|a text
|2 rdacontent
|
| 337 |
|
|
|a computer
|2 rdamedia
|
| 338 |
|
|
|a online resource
|2 rdacarrier
|
| 650 |
0 |
0 |
|a Photography --
|x Technique
|
| 650 |
0 |
0 |
|a Photography --
|x Lighting
|
| 655 |
0 |
0 |
|a Electronic books
|
| 856 |
4 |
2 |
|u http://library.unisel.edu.my/web/guest/mylibrary
|
| 997 |
|
|
|a Communication, Visual Art & Computing, Faculty
|b Visual Art, Department
|
| 998 |
|
|
|a Arts Creative Photography Technology, Degree
|
| 999 |
|
|
|a EBO0003786
|b BOK
|c EBOOK
|e Electronic resources
|